000350168 001__ 350168
000350168 005__ 20240417173025.0
000350168 0247_ $$2EXP:(DE-Ds200)$$aEXP:(DE-Ds200)P-21-00017-20221208
000350168 035__ $$aEXP:(DE-Ds200)P-21-00017-20221208
000350168 150__ $$aP-21-00017: Combined laser-driven neutron and X-ray source for  non-destructive material identification (Station: PTA)
000350168 371__ $$aScheuren, Stefan
000350168 450__ $$aP-21-00017$$wd
000350168 450__ $$0EXP:(DE-Ds200)PTA-20200803$$aPTA$$wt
000350168 550__ $$0G:(DE-HGF)POF4-631$$aPOF4-631
000350168 750_7 $$0V:(DE-HGF)12$$2V:(DE-HGF)$$aExperiment
000350168 751_7 $$2DE-HGF$$aIGN_4_I:(DE-H253)HAS-User-20120731 [DESY]
000350168 751_7 $$2DE-HGF$$aIGN_4_DESY [DESY]
000350168 751_7 $$2DE-HGF$$aIGN_4_DKFZ [DKFZ]
000350168 751_7 $$2DE-HGF$$aIGN_4_IMPULSE
000350168 751_7 $$2DE-HGF$$aIGN_4_DZNE [DZNE]
000350168 909CO $$ooai:juser.fz-juelich.de:1025274$$pauthority$$pauthority:Experiment
000350168 909CO $$ooai:juser.fz-juelich.de:1025274
000350168 980__ $$aEXPERIMENT
000350168 980__ $$aAUTHORITY